000 00470nam a2200145 4500
999 _c11531
_d11531
008 181210b ||||| |||| 00| 0 eng d
022 _a 2094-8042
082 _aDPer 050 T48 Apr-June 2016 v. 187 n. 12-24
100 _933080
_aKoolhaas, Rem
245 _aBjarke Ingels:
_bhighflyer of skylines/
_cRem Koolhaas.
260 _aHong Kong:
_bTime Asia,
_cc2016.
300 _av187 n16-17, page 55:
_billustrations;
_c27 cm.
650 0 _933081
_aArchitecs.
942 _2ddc
_cPER